The accused (Record no. 80146)

MARC details
000 -LEADER
fixed length control field 00921cab a22001935a 4500
001 - CONTROL NUMBER
control field L143353
008 - FIXED-LENGTH DATA ELEMENTS--GENERAL INFORMATION
fixed length control field 080429e20080425xxk f 000 0 eng d
035 ## - SYSTEM CONTROL NUMBER
System control number (Sirsi) u143353
041 0# - LANGUAGE CODE
Language code of text/sound track or separate title eng
110 2# - MAIN ENTRY--CORPORATE NAME
Corporate name or jurisdiction name as entry element Building
9 (RLIN) 1694
245 04 - TITLE STATEMENT
Title The accused
260 ## - PUBLICATION, DISTRIBUTION, ETC.
Date of publication, distribution, etc. 2008
490 #0 - SERIES STATEMENT
Series statement Building
Volume/sequential designation 273(8526) 25 April 2008, 28-31(4)
520 ## - SUMMARY, ETC.
Summary, etc. Discusses the fallout from the Office of Fair Trading's (OFT's) four year inquiry into bid rigging in which 112 construction firms were accused of anti-competitive behaviour, including Balfour Beatty, Carillion, Kier, Rok and Willmott Dixon. Explains the background to the enquiry, the OFT's case, the charge of cover pricing, the response of contractors and clients, whether the accused firms will fight, and worst and best case scenarios for the three of the firms.
590 ## - LOCAL NOTE (RLIN)
Local note KA
651 #4 - SUBJECT ADDED ENTRY--GEOGRAPHIC NAME
Geographic name United Kingdom
Chronological subdivision
690 ## - LOCAL SUBJECT ADDED ENTRY--TOPICAL TERM (OCLC, RLIN)
Topical term or geographic name as entry element Construction management
9 (RLIN) 6230
942 ## - ADDED ENTRY ELEMENTS (KOHA)
Suppress in OPAC 0
Holdings
Withdrawn status Lost status Source of classification or shelving scheme Damaged status Not for loan Home library Current library Shelving location Date acquired Total Checkouts Full call number Barcode Date last seen Copy number Price effective from Koha item type
    Dewey Decimal Classification     London London Journal article 29/04/2008   L143353 143353-1001 06/08/2019 1 06/08/2019 Journal article